000 00613nam a2200205Ia 4500
003 OSt
005 20250409120644.0
008 210719s1998 xx 000 0 und d
040 _cAL
041 _aKannada
082 _a291K NANS
100 _aNANJEGAUDA (Hech En) & others
_bನಂಜೇಗೌಡ (ಹೆಚ್ ಎನ್)
_9208105
245 _aSamanvaya.
_bಸಮನ್ವಯ
260 _aShivamogga
_bKuvempu Vishvavidyanilaya
_c1998
300 _axi,138
_bPB
365 _cRs
650 _aComparative Religion
_9208106
906 _aComparative Religion Hindu Islam Kraista Dharma
942 _2ddc
_cBK
999 _c213470
_d213470